000
00297nam a2200145Ia 4500
100
_a
Buford/John F.K
942
_c
BK
654
_a
multimedia
245
_a
Multimedia systems
260
_b
Pearson Education
_c
1994
082
_a
4.65
_b
BUF
300
_a
451
546
_a
ENGLISH
999
_c
24618
_d
24618